Speak for yourself! : Communicating in american english. Book two /

Guardado en:
Detalles Bibliográficos
Autor principal: Gersten, Bridget (Autor)
Formato: Libro
Lenguaje:inglés
Publicado: ÚLEHLA, 1991
Materias:
Etiquetas: Agregar Etiqueta
Sin Etiquetas, Sea el primero en etiquetar este registro!

MARC

LEADER 00000nam a22000003a 4500
001 stu10104
005 20150617225803.9
008 970909s1991----xr------------------eng-d
020 |a 80-900157-7-8 
040 |a STU  |b slo 
041 0 |a eng 
044 |a xr 
080 |a 802.0-5 
100 1 |a Gersten, Bridget  |4 aut 
245 1 |a Speak for yourself! :  |b Communicating in american english. Book two /  |c [aut.] Gersten,Bridget 
260 |b ÚLEHLA,  |c 1991 
300 |a 373 s 
650 7 |a angličtina  |2 stusub 
996 |b 284EK08410  |c E*81341  |l EE01  |s A  |a 24  |w stu10104_0001